000
00310nam a2200121Ia 4500
008
240521s2000 xx 000 0 und d
020
_a
0-376-01046-0
041
_a
eng
100
_a
CHRISTINE OLSON GEDYE
245
_a
IDEAS FOR GREAT BABY ROOMS
260
_b
SUNSET BOOKS, CALIFORNIA
_c
2000
300
_a
598
999
_c
1162519
_d
1162519